Films avec Catherine Deneuve - Mort subite - Statistiques

Statistiques générales
  • Ce quiz a été pris 284 fois
  • Le résultat moyen est 8 sur 16
Answers on the Grid
Answers color-coded by a green-red scale on the quiz's grid according to % correct below.
8 Femmes
La Peau douce
Camille Claudel
Belle de jour
Bernadette
Indochine
La Cérémonie
Caché
Liza
Elles
Zig Zig
Place Vendôme
Vénus beauté
Coup de foudre
Persepolis
Les Demoiselles de Rochefort
César et Rosalie
Peau d'âne
La Femme de mon pote
Vivement dimanche !
Les Parapluies de Cherbourg
Pierrot le fou
L'événement le plus important depuis que l'homme a marché sur la lune
Le Charme discret de la bourgeoisie
Répulsion
Marcello Mio
Coup de torchon
Un éléphant ça trompe énormément
Sauve qui peut (la vie)
Amour
Potiche
Le Dernier Métro
 
Statistiques - réponses
Réponse % Correct
8 Femmes
90%
Les Demoiselles de Rochefort
74%
Peau d'âne
73%
Belle de jour
69%
Les Parapluies de Cherbourg
69%
Le Dernier Métro
56%
Indochine
55%
Bernadette
54%
Potiche
50%
Place Vendôme
42%
Marcello Mio
34%
L'événement le plus important depuis que l'homme a marché sur la lune
28%
Persepolis
23%
Répulsion
20%
Zig Zig
17%
Liza
14%
Aucun quiz correspondant
Distribution des résultats
% des personnes avec chaque résultat
Percentile par nombre de réponses
Votre historique - résultats
Vous n’avez pas pris ce quiz